000 00590nmm a2200193Ia 4500
008 251105s9999||||xx |||||||||||||||||und||
020 _a9789681619718
041 _aspa
100 _aKristeller, Paul Oskar
245 0 _aOcho filósofos del Renacimiento italiano
264 _a[México D.C., Mexico] :
_bFondo de Cultura Económica,
_c1970
300 _a224 páginas
490 _aBreviarios
650 _aPhilosophy, Ethics
700 _aKristeller, Paul Oskar
700 1 _a Martínez Peñaloza, María
856 _uhttps://public.digitaliapublishing.com/a/64900
942 _cCF
999 _c67554
_d67554